| 000 | 00651nam a2200157Ia 4500 | ||
|---|---|---|---|
| 008 | 100122s9999 xx 000 0 und d | ||
| 082 |
_b71029 _a658 |
||
| 100 | _aअग्रवाल विजय | ||
| 245 | _aआता उशीर कशाला अनु- सुवर्णा बेडेकर | ||
| 260 |
_bइन्द्रा _c2006 |
||
| 300 | _a116 | ||
| 630 | _aआता उशीर कशाला अनु- सुवर्णा बेडेकर | ||
| 700 | _aबेडेकर सुवर्णा | ||
| 730 | _aआता उशीर कशाला अनु- सुवर्णा बेडेकर | ||
| 942 | _cBOOK | ||
| 999 |
_c441714 _d441711 |
||